000 00360 a2200169 4500
001 191376
020 _a85-08-06945-6
040 _cMagnum
100 _aChamlian, Regina
240 1 0 _aA hora da caipora
_lpor
245 1 0 _aA hora da caipora
300 _a40
362 0 _a1998
440 1 _aÁtica
697 _aLITERATURA INFANTO-JUVENIL
942 _cBK
999 _c191376
_d191376